| 000 | 00751cab a2200217 4500 | ||
|---|---|---|---|
| 001 | WB3421-34 | ||
| 008 | 090401t xxu||||| |||| 00| 0 eng d | ||
| 035 | _a(Sirsi) u86629 | ||
| 041 | _aeng | ||
| 245 | _aDisputes in service charges | ||
| 260 | _c(426) 2 June 1998(2) | ||
| 350 | _a0 | ||
| 490 |
_aDETR News Release _v(426) 2 June 1998(2) |
||
| 520 | _aNew moves to make it easier for more leaseholders of flats to have their bids for lower service charges dealt with by an expert tribunal have been announced. | ||
| 650 | _aCONSULTATION PAPER | ||
| 650 | _aHOUSING ACT 1996 | ||
| 650 | _aSERVICE CHARGES | ||
| 690 | _aPROPERTY-RESIDENTIAL PROPERTY-RESIDENTIAL LANDLORD AND TENANT-RESIDENTIAL TENANCIES | ||
| 942 | _n0 | ||
| 948 | _c05/06/1998 | ||
| 999 |
_c54552 _d54552 |
||